| 000 | 01837cam a2200505Ia 4500 | ||
|---|---|---|---|
| 001 | 98326 | ||
| 005 | 20230410123526.0 | ||
| 008 | 110413s2010 bl b 001 0 por d | ||
| 035 | _a(OCoLC)ocn712592335 | ||
| 040 |
_aGZM _cGZM _dGZM |
||
| 020 | _a8577531201 (pbk.) | ||
| 020 | _a9788577531202 (pbk.) | ||
| 035 | _a(OCoLC)712592335 | ||
| 041 | 1 |
_apor _heng |
|
| 043 |
_as-bl--- _as-cl--- _as-ag--- |
||
| 050 | 1 | 4 |
_aKH 552 _bP436d 2010 |
| 082 | 0 | 0 | _a340/.11 |
| 100 | 1 | _aPereira, Anthony W. | |
| 240 | 1 | 0 |
_aPolitical (in) justice. _lPortuguese |
| 245 | 1 | 0 |
_aDitadura e repressao : _bo autoritarismo e o Estado de direito no Brasil, no Chile e na Argentina / _cAnthony W. Pereira ; traducao de Patricia de Queiroz Carvalho Zimbres. |
| 246 | 3 | 0 | _aAutoritarismo e o Estado de direito no Brasil, no Chile e na Argentina |
| 260 |
_aSao Paulo : _bPaz e Terra, _c[2010] |
||
| 300 |
_a335 p. ; _c23 cm. |
||
| 500 | _aTraducido de: Political (in)justice : authoritarianism and the rule of law in Brazil, Chile and Argentina. | ||
| 504 | _aIncludes bibliographical references and index. | ||
| 650 | 0 |
_aRule of law _zBrazil. |
|
| 650 | 0 |
_aAuthoritarianism _zBrazil. |
|
| 650 | 0 |
_aRule of law _zChile. |
|
| 650 | 0 |
_aAuthoritarianism _zChile. |
|
| 650 | 0 |
_aRule of law _zArgentina. |
|
| 650 | 0 |
_aAuthoritarianism _zArgentina. |
|
| 650 | 4 |
_aJerarquía normativa _zBrasil. |
|
| 650 | 4 |
_aAutoritarismo _zBrasil. |
|
| 650 | 4 |
_aJerarquía normativa _zArgentina. |
|
| 650 | 4 |
_aJerarquía normativa _zChile. |
|
| 650 | 4 |
_aAutoritarismo _zArgentina. |
|
| 650 | 4 |
_aAutoritarismo _zChile. |
|
| 650 | 4 |
_aAdministración de justicia _zChile. |
|
| 650 | 4 |
_aAdministración de justicia _zBrasil. |
|
| 650 | 4 |
_aAdministración de justicia _zArgentina. |
|
| 650 | 4 | _a20151100 | |
| 942 |
_2lcc _cbk |
||
| 994 |
_aC0 _bDRFGD |
||
| 946 | _acv | ||
| 999 |
_c63190 _d63190 |
||